| 000 | 00462nam a22001817a 4500 | ||
|---|---|---|---|
| 999 |
_c7333 _d7333 |
||
| 003 | Ost | ||
| 005 | 20190824093858.0 | ||
| 008 | 190824b ||||| |||| 00| 0 eng d | ||
| 020 | _a9780099590088 | ||
| 040 | _cBT-PhCST | ||
| 050 | _a23064 | ||
| 082 |
_222 _a909 _bHAR |
||
| 100 | _aHarari, Yuval Noah. | ||
| 245 |
_aSapiens : _ba brief history of humankind / |
||
| 260 |
_aLondon : _bVintage : _cc2015. |
||
| 300 |
_ax, 498 p. : _bill. ; _c20 cm. |
||
| 942 |
_2ddc _cF |
||